ბათუმის შოთა რუსთაველის სახელმწიფო უნივერსიტეტის ბიბლიოთეკა

საქართველოს სსრ : (ბიბ.ჩანაწერი № 59893)

000 -ლიდერი
ფიქსირებული სიგრძის საკონტროლო ველი 00899nam a22001817a 4500
003 - საკონტროლო ნომრის იდენტიფიკატორი
საკონტროლო ველი Ge_BSU
005 - ბოლო ოპერაციის თარიღი და დრო
საკონტროლო ველი 20230505163950.0
008 - ფიქსირებული სიგრძის მონაცემთა ელემენტები - ზოგადი ინფორმაცია
ფიქსირებული სიგრძის საკონტროლო ველი 230505s1970 ge ||||| |||| 00| 0 geo d
041 ## - ენის კოდი
Language code of text/sound track or separate title geo
080 ## - უნივერსალური ათობითი კლასიფიკაციის ინდექსი
Universal Decimal Classification number 94(479.22) + 338(479.22)(09) ს-32
245 ## - ცნობა სათაურის შესახებ
Title საქართველოს სსრ :
Remainder of title მოკლე ისტორიულ-ეკონომიკური ნარკვევი /
Statement of responsibility, etc პ. გუგუშვილის რედაქციით.
264 ## - წარმოების, გამოცემის, დისტრიბუციის და სხვა ცნობები
გამოცემის, წარმოების, დისტრიბუციის... ადგილი თბილისი :
გამოცემის, წარმოების, დისტრიბუციის... სახელწოდება საბჭ. საქართველო,
გამოცემის, წარმოების, დისტრიბუციის... თარიღი 1970.
300 ## - ფიზიკური აღწერა
Extent 345 გვ. ;
Other physical details 22 სმ.
653 ## - INDEX TERM--UNCONTROLLED
Uncontrolled term საქართველოს ახალი ისტორია
653 ## - INDEX TERM--UNCONTROLLED
Uncontrolled term საქართველოს ეკონომიკის ისტორია
700 ## - ADDED ENTRY--PERSONAL NAME
Personal name გუგუშვილი, პ.
Relator term რედაქტორი
9 (RLIN) 18004
942 ## - ADDED ENTRY ELEMENTS (KOHA)
Source of classification or shelving scheme
Koha item type წიგნი
ეგზემპლარები
ჩამოწერის სტატუსი დაკარგული ეგზემპლარის სტატუსი კლასიფიკაციის წყარო ან თაროზე გაწყობის სქემა დაზიანების სტატუსი არ გაიცემა მუდმივი მდებარეობა (დაცვის ადგილი) ამჟამინდელი ადგილსამყოფელი თაროზე განთავსების ადგილი შეძენის თარიღი ღირებულება, შესყიდვის ნორმალური ფასი სრული შენახვის შიფრი შტრიხკოდი ბოლო ოპერაციის თარიღი ეგზემპლარის მიმდევრობითი ნომერი (კეტერი?) Uniform Resource Identifier ფასის ძალაში შესვლის თარიღი ეგზემპლარის სახეობა საჯარო შენიშვნა
          ბათუმის შოთა რუსთაველის სახელმწიფო უნივერსიტეტის მთავარი ბიბლიოთეკა ბათუმის შოთა რუსთაველის სახელმწიფო უნივერსიტეტის მთავარი ბიბლიოთეკა წიგნსაცავი 2023-05-05 7.00 94(479.22) + 338(479.22)(09) ს-32 64364 2023-05-05 64364 ბსუ-ს საპატიო დოქტორის გურამ ლორთქიფანიძის საჩუქარი 2023-05-05 წიგნი 7 ლ.